| 000 | 00456nam a2200169Ia 4500 | ||
|---|---|---|---|
| 008 | 230917s9999||||xx |||||||||||||| ||und|| | ||
| 020 | _cRS7995 | ||
| 040 |
_e251978 _aMAIN |
||
| 041 | _aEnglish | ||
| 082 | _a330.1543 K96E | ||
| 100 | _aKumar, K NIrmal Ravi | ||
| 245 | 0 | _aEconometrics. 2Pt. | |
| 260 |
_aDelhi _bNarendra Publishing House _c2018 |
||
| 300 | _axxxi, 510 p. | ||
| 500 | _a3345 05/12/2018 RBP18/73098 13/10/2018 Main Budget | ||
| 942 | _cBK | ||
| 999 |
_c29213 _d29213 |
||